000 00504nam a2200181Ia 4500
008 090124s9999 xx 000 0 und d
082 _b8600
_a1010
100 _aआयरे ला.कृ.
245 _a नवलाची गोष्ट
250 _a1
260 _c1955
300 _a92
600 _aआयरे ला.कृ.
630 _a नवलाची गोष्ट
700 _aआयरे ला.कृ.
730 _a नवलाची गोष्ट
942 _cBOOK
999 _c122563
_d122563